书目信息 |
| 题名: |
化学危险品安全保管
|
|
| 作者: | 余孟杰 编译 | |
| 分册: | ||
| 出版信息: | 北京 化学工业出版社 1983 |
|
| 页数: | 418页 | |
| 开本: | 21cm | |
| 丛书名: | ||
| 单 册: | ||
| 中图分类: | F767 | |
| 科图分类: | ||
| 主题词: | 化学商品-危险物品管理 , 危险物品管理-化学商品 , 商品学 | |
| 电子资源: | ||
| ISBN: | ||
| 000 | 00709nam0 2200265 45 | |
| 001 | 0183009331 | |
| 005 | 20040429165226.4 | |
| 010 | @dCNY1.65 | |
| 091 | @a15063.3450 | |
| 100 | @a19950416d1983 em y0chiy0121 ea | |
| 101 | 0 | @achi |
| 102 | @aCN@b110000 | |
| 105 | @ay z 000yy | |
| 106 | @ar | |
| 200 | 10 | @a化学危险品安全保管@Ahua xue wei xian pin an quan bao guan@f余孟杰编译 |
| 210 | @a北京@c化学工业出版社@d1983 | |
| 215 | @a418页@d21cm | |
| 606 | @a化学商品-危险物品管理 | |
| 606 | @a危险物品管理-化学商品 | |
| 606 | 0 | @a商品学 |
| 690 | @aF767 | |
| 701 | 0 | @a余孟杰@Ayu meng jie@4编译 |
| 801 | 0 | @aCN@b上海图书馆@c20040429 |
| 801 | 2 | @aCN@bNLC@c20040429 |
| 905 | @f2@b90162-163@dF767@e3 | |
| 化学危险品安全保管/余孟杰编译.-北京:化学工业出版社,1983 |
| 418页;21cm |
| ISBN :CNY1.65 |
| ● |
| 相关链接 |
|
|
|
|
正题名:化学危险品安全保管
索取号:F767/3
 
预约/预借
| 序号 | 登录号 | 条形码 | 馆藏地/架位号 | 状态 | 备注 |
| 1 | 0090162 | 000489689 | 第一借阅区/ [索取号:F767/3] | 在馆 | |
| 2 | 0090163 | 000489670 | 密集书库/ [索取号:F767/3] | 在馆 | |
| 3 | 0090164 | 000489661 | 第一样本阅览室/ [索取号:F767/3] | 在馆 |